000 00951nam a22003017a 4500
003 CHAP
005 20220329133823.0
008 971013s1964 r 00010 d
010 _a11374
011 _a12346
035 _a15428
040 _cCHAP
082 _a631.4
_bM32
100 0 0 _aMacías Villada, Mario.
_969532
245 _aSuelos de la República Mexicana
260 _aChapingo, Méx. :
_bENA,
_c1964
300 _a120 h.
_e+ mapas
590 _aBATCH-UPD
_b10
_c20130110
_lUCH01
_h1850
590 _aBATCH-UPD
_b10
_c20130410
_lUCH01
_h1219
590 _aBATCH-UPD
_b10
_c20130914
_lUCH01
_h1830
590 _aCONVERSION
_b10
_c20130109
_lUCH01
_h1307
650 1 4 _aSuelos
_xMéxico.
_9110441
901 _aBK
942 _cLIBRO
949 _a631.4 M32
_bBC
_cLIBRO
_d-148742
_eLIBRO
_h21031
_i15428
_si
949 _a631.4 M32
_bBC
_cLIBRO
_d-148743
_eLIBRO
_fc.2
_h21032
_i15428
_si
949 _a631.4072 M3
_bS
_cLIBRO
_d-27629
_eLIBRO
_h3140
_i15428
_si
999 _c11374
_d11374